Films commençant par E par images - Statistiques

Statistiques générales
  • Ce quiz a été pris 2 357 fois
  • Le résultat moyen est 7 sur 24
Statistiques - réponses
Par images Réponse % Correct
E.T., l'extra-terrestre
99%
Edward aux mains d'argent
83%
L'Etrange Noël de Monsieur Jack
75%
Élémentaire
70%
Les Evadés
59%
Elephant Man
55%
L'Étrange Histoire de Benjamin Button
33%
Eternal Sunshine of the Spotless Mind
28%
Everything, Everywhere All at Once
28%
En avant
27%
Entretien avec un vampire
25%
Ernest et Célestine
25%
Edge of Tomorrow
21%
Easy A
15%
L'Etudiante
14%
Et pour quelques dollars de plus
9%
L'Echange
7%
En cloque, mode d'emploi
5%
Les Enfants du marais
5%
Ennemi d'Etat
2%
Eaux profondes
1%
Elle s'appelait Sarah
1%
Empire du soleil
1%
Erik le Viking
0%
Aucun quiz correspondant
Distribution des résultats
% des personnes avec chaque résultat
Percentile par nombre de réponses
Votre historique - résultats
Vous n’avez pas pris ce quiz